000
00287nam a22001337a 4500
020
_a
1-55166-075-X
082
_a
823
_b
JOR/C
100
_a
JORDAN,PENNY
245
_a
CRUEL LEGACY
260
_a
LONDON
_b
WORLD WIDE BOOKS
300
_a
538
650
_a
NOVEL, ENGLISH
_z
LONDON
942
_c
BK
999
_c
2394
_d
2394